[Event "Gatineau Monarque Noir op"]
[Site "Gatineau"]
[Date "2006.02.07"]
[Round "6"]
[White "Beland, Guy"]
[Black "Levesque, Andre"]
[Result "1-0"]
[WhiteElo "1475"]
[BlackElo "1345"]
[PlyCount "107"]
[EventDate "2006.01.03"]
[EventType "swiss"]
[EventRounds "7"]
[EventCountry "CAN"]
[SourceTitle "EXT 2007"]
[Source "ChessBase"]
[SourceDate "2006.11.23"]
[SourceVersion "1"]
[SourceVersionDate "2006.11.23"]
[SourceQuality "1"]

1. e4 c5 2. Nf3 Nc6 3. d4 cxd4 4. Nxd4 g6 5. Bc4 Bg7 6. c3 Nf6 7. Nd2 0-0 8. 0-0 e6 9. Re1 Nxe4 10. Nxe4 Nxd4 11. cxd4 d5 12. b3 dxc4 13. Bb2 cxb3 14. axb3 b6 15. Qe2 Bb7 16. Rad1 Qd5 17. f3 Qxb3 18. Rb1 Qd5 19. h4 Bxd4+ 20. Kh1 f6 21. Bxd4 Qxd4 22. Red1 Qe5 23. Rd7 Bc6 24. Re7 Bxe4 25. fxe4 Qd6 26. Rb7 Rfd8 27. h5 Rd7 28. Rxd7 Qxd7 29. Rd1 Qg7 30. g4 gxh5 31. gxh5 Qf7 32. Rg1+ Kh8 33. h6 Rg8 34. Rxg8+ Qxg8 35. e5 f5 36. Qf3 Qc8 37. Kh2 Qc2+ 38. Kg1 Qe4 39. Qa3 Qg4+ 40. Kf1 Qc4+ 41. Kg2 Qd5+ 42. Kh3 Qh1+ 43. Kg3 Qg1+ 44. Kh3 Qg4+ 45. Kh2 Qh4+ 46. Kg2 Qg5+ 47. Kf1 Qf4+ 48. Kg2 Qe4+ 49. Kh3 Qa8 50. Kg3 a5 51. Qe7 Qg8+ 52. Kf2 Qg6 53. Qd8+ Qg8 54. Qf6+ 1-0

[Event "Gatineau Monarque Noir op"]
[Site "Gatineau"]
[Date "2006.01.17"]
[Round "3"]
[White "Laurin, Marcel"]
[Black "Beland, Guy"]
[Result "1-0"]
[WhiteElo "1717"]
[BlackElo "1475"]
[PlyCount "87"]
[EventDate "2006.01.03"]
[EventType "swiss"]
[EventRounds "7"]
[EventCountry "CAN"]
[SourceTitle "EXT 2007"]
[Source "ChessBase"]
[SourceDate "2006.11.23"]
[SourceVersion "1"]
[SourceVersionDate "2006.11.23"]
[SourceQuality "1"]

1. d4 Nf6 2. c4 g6 3. Nc3 Bg7 4. e4 0-0 5. Be2 c6 6. e5 Ne8 7. Nf3 d5 8. cxd5 cxd5 9. Be3 f6 10. Rc1 Nc6 11. 0-0 Bg4 12. Nxd5 fxe5 13. dxe5 Nxe5 14. Nf4 Qa5 15. Qb3+ Kh8 16. Rc5 Qb6 17. Nxe5 Rxf4 18. Bxg4 Qxb3 19. axb3 Re4 20. Nf7+ Kg8 21. Bf3 Rb4 22. Bd5 Bxb2 23. Ne5+ Kg7 24. Nd3 Ba3 25. Nxb4 Bxb4 26. Rb5 Nc7 27. Rxb4 Nxd5 28. Rxb7 Kf7 29. Bxa7 Ke6 30. b4 Kd6 31. Bc5+ Kc6 32. Ra7 Rxa7 33. Bxa7 Nxb4 34. Rc1+ Kb5 35. Be3 e6 36. Rc8 h5 37. Rg8 h4 38. Rxg6 e5 39. Rh6 h3 40. Rxh3 Nd3 41. Rg3 Kc4 42. h4 Nf4 43. Bxf4 exf4 44. Rf3 1-0